• 首页
  • 本馆介绍
  • 公告通知
  • 最新文献
  • 馆藏检索
  • 电子资源
  • 读者导购
  • 参考咨询
  • 我的图书馆
  • 登录
  • 详细信息显示
  • 放入我的书架
  • 预约/预借图书
  • 作者相关作品
  • 分类相关作品
  • 丛书相关作品
  • 出版社相关作品

书目信息

  • 表格格式
  • 工作单格式
  • 卡片格式
题名:
中华名关
    
 
作者: 曹云忠...[等] 编著
分册:  
出版信息: 北京   中国人民解放军出版社  1996.6
页数: 230页
开本: 32开
丛书名:
单 册:
中图分类: K928.77
科图分类:
主题词: 地理--中国
电子资源:
ISBN: 7-5065-0684-X
000 00593nam0 2200205 45
001 0012051435
005 20031219104047.9
010    @a7-5065-0684-X@dCNY9.70
100    @a20001205d1996 km y0chiy0120 ea
101 0  @achi
105    @a z 000yy
200 1  @a中华名关@AZhong Hua Ming Guan@f曹云忠...[等]编著@FCao Yun Zhong...[Deng]Bian Zhu
205    @a2版
210    @a北京@c中国人民解放军出版社@d1996.6
215    @a230页@c冠图@d32开
606 0  @a地理@y中国
690    @aK928.77@v1
701  0 @a曹云忠...[等]@4编著
801    @aCN@bTSTC@c20001205
905    @b293713-716@dK928.77@e204=2@f4
    
    中华名关/曹云忠...[等]编著.-2版.-北京:中国人民解放军出版社,1996.6
    230页:冠图;32开
    
    
    ISBN 7-5065-0684-X:CNY9.70
    
●
相关链接 在E读中查询图书 在五车中查询图书 在当当中查询图书 在豆瓣中查询图书


正题名:中华名关     索取号:K928.77/204=2         预约/预借

序号 登录号 条形码 馆藏地/架位号 状态 备注
1 0293713   002937139   第二借阅区/ [索取号:K928.77/204=2] 在馆    
2 0293714   002937148   第二借阅区/ [索取号:K928.77/204=2] 在馆    
3 0293715   002937157   第二借阅区/ [索取号:K928.77/204=2] 在馆    
4 0293716   002937166   第二样本阅览室/ [索取号:K928.77/204=2] 在馆    
唐山师范学院图书馆 欢迎您!
大连网信软件有限公司© 版权所有